|
|
|
|
| LEADER |
00608nam a22001817a 4500 |
| 005 |
20151215125319.0 |
| 008 |
091125t xxu||||| |||| 00| 0 eng d |
| 020 |
|
|
|a 0879093668
|
| 082 |
|
|
|a 657.98
|b LYN
|
| 100 |
|
|
|a Lynn, Edward S.
|9 10776
|
| 245 |
|
|
|a Introduction to fund accounting
|
| 260 |
|
|
|c 1974
|a Virginia
|b Reston
|
| 300 |
|
|
|a viii, 134p.
|
| 653 |
|
|
|a Fund accounting
|a Non - profit accounting
|
| 700 |
|
|
|a Thompson, Joan W.
|9 10775
|
| 942 |
|
|
|c BK
|6 _
|
| 999 |
|
|
|c 101536
|d 101536
|
| 952 |
|
|
|0 0
|1 0
|2 ddc
|4 0
|6 65798_LYN
|7 0
|9 128100
|a SMS
|b SMS
|c GEN
|d 2009-11-25
|g 11095.00
|o 657.98 LYN
|p SMS010283
|r 2009-11-25
|w 2009-11-25
|y BK
|